000 00879cam a2200205 4500
001 ABS62436
008 000000n2000 000 0 eng u
035 _a(Sirsi) u106741
100 _aChapman, R.
245 _aManaging a risky business
260 _c2000
490 _aProperty Week
_v65(24) 16 June 2000, 74-75(2)
520 _aAdvocates the importance of risk management to a company's success. Considers the Turnbull Report which explains what is expected of boards of directors and how far property companies are tackling the issues. Flow chart and definition of terms. Tabulates suggested effective risk management strategies for property companies.
590 _aABS
650 _aRISK MANAGEMENT
650 _aINTERNAL CONTROL: GUIDANCE FOR DIRECTORS ON THE COMBINED CODE
650 _aDIRECTORS
690 _aMANAGEMENT-BUSINESS MANAGEMENT
942 _n0
999 _c63886
_d63886